Normal view
MARC view
Entry Topical Term
001 - CONTROL NUMBER
- control field: 35867
003 - CONTROL NUMBER IDENTIFIER
- control field: dpl
005 - DATE AND TIME OF LATEST TRANSACTION
- control field: 20111116154912.0
008 - FIXED-LENGTH DATA ELEMENTS
- fixed length control field: 111116|||a|||||| | ||| d
040 ## - CATALOGING SOURCE
- Original cataloging agency: dpl
- Transcribing agency: dpl
150 ## - HEADING--TOPICAL TERM
- Topical term or geographic name as entry element: Managerial economics
670 ## - SOURCE DATA FOUND
- Source citation: Work cat.: (dpl)58438: Fraser, Ian 35846, Economics for business /, 2011
670 ## - SOURCE DATA FOUND
- Source citation: Work cat.: (dpl)58438: Fraser, Ian 35846, Economics for business /, 2011
